000 00831nam a22002175i 4500
001 155289
003 ES-MaACL
005 20250803063058.0
008 040719s1859 fr |||| | fre d
040 _aCAM
_bspa
_cCAM
080 _a821.133.1-13
100 1 _aHéricault, Charles de Ricault d',
_d1823-1899
_eaut
_9154452
245 1 0 _aEssai sur l'origine de l'épopée française et sur son histoire au Moyen Age /
_cpar Charles d'Héricault
260 _aParis :
_bA. Franck,
_c1859
_f(Imp. Paul Dupont)
300 _a75 páginas ;
_c22 cm
650 4 _aPoesía épica francesa-
_xHistoria y crítica
_9164998
852 _aES-MaACL
_cDEPOF
_jT-460-F-9
_xEnc. en un vol. facticio
_xHolandesa, falto de cub. original
942 _2udc
_cFOLLETOS
_n0
999 _c155289
_d155289